The Structure of scientific revolutions. ed 4 (Record no. 43221)

MARC details
000 -LEADER
fixed length control field 00413nam a2200157Ia 4500
020 ## - INTERNATIONAL STANDARD BOOK NUMBER
ISBN 9780226458120
082 ## - DEWEY DECIMAL CLASSIFICATION NUMBER
Classification number 165.9:5
Item number KUH
100 ## - MAIN ENTRY--AUTHOR NAME
Personal name Kuhn, Thomas S
245 #4 - TITLE STATEMENT
Title The Structure of scientific revolutions. ed 4
250 ## - EDITION STATEMENT
Edition statement 4
260 ## - PUBLICATION, DISTRIBUTION, ETC. (IMPRINT)
Place of publication Chicago
Name of publisher University of Chicago Press
Year of publication 2012
300 ## - PHYSICAL DESCRIPTION
Number of Pages 217p.
650 ## - SUBJECT ADDED ENTRY--TOPICAL TERM
Topical Term History of science
942 ## - ADDED ENTRY ELEMENTS (KOHA)
Koha item type Books
Holdings
Withdrawn status Lost status Damaged status Not for loan Home library Current library Date acquired Cost, normal purchase price Full call number Accession Number Koha item type
        RRII Library RRII Library 16/12/2021 15.00 165.9:5 KUH 23487 Books